000
00268nam a22001097a 4500
008
170111b xxu||||| |||| 00| 0 eng d
020
_a
9780397548620
041
_a
eng
080
_a
618.2
245
_a
MATERNAL AND CHILD HEALTH NURSING
_c
PILLLITTERI, A
942
_2
udc
_c
BK
999
_c
2729
_d
2729